00718cam a2200241 i 4500001000800000005001700008008004100025010001700066020001500083040001800098041000800116043001200124080001300136082001600149100000700165101000800172245007700180504003000257906004500287942001200332999001700344952011500361226392220180227054721.0780821s1979 nyua b 001 0 eng  a 78012041  a006045279X aDLCcDLCdDLC aeng an-us--- a320.973 00a320.973 PRE1 a20 aSHP13aAn introduction to American Government /cKenneth Prewitt, Sidney Verba. aBibliography: p. 626-632. a7bcbccorignewd1eocipf19gy-gencatlg 2ddccBK c43584d43584 00102udc40708PËKGa002b002cPËKGd2018-02-27l0o320.973 PREp002-3000170r2018-02-27w2018-02-27yBK